Statistics for 1999 year quiz

Click here to take the quiz!

General Stats

  • This quiz has been taken 72 times
  • The average score is 5 of 10

Answer Stats

HintAnswer% Correct
Major new currencyEuro
91%
Two teenagers murder 12 students and a teacher at this Colorado schoolColumbine High School
83%
This scion of a US political family announces a presidential runGeorge W Bush
71%
NATO strikes this now-disbanded stateYugoslavia
60%
The Duma approves this man as prime ministerVladimir Putin
57%
This long-awaited prequel gets mixed reviewsThe Phantom Menace
49%
US energy merger makes this the world's biggest companyExxonMobil
32%
This country votes for independence in referendumEast Timor
20%
Manchester United win thisThe Treble
14%
Death of this Middle Eastern leader and peacemakerKing Hussein of Jordan
11%

Score Distribution

Percentile by Number Answered

Percent of People with Each Score

Your Score History

You have not taken this quiz